[Event "Swiss Queens Wed #48"]
[Site "FIDE Online Arena INT"]
[Date "2024.12.25"]
[Round "10"]
[White "Nguyen, Hong Nhung"]
[Black "Arabidze, Meri"]
[Result "1/2-1/2"]
[WhiteElo "2214"]
[BlackElo "2457"]
[PlyCount "214"]
[EventDate "2024.12.25"]
[EventType "swiss (blitz)"]
[EventRounds "11"]
[EventCountry "NET"]
[SourceTitle "CB02_2025"]
[SourceDate "2025.01.08"]
[SourceVersion "1"]
[SourceVersionDate "2025.01.08"]
[SourceQuality "1"]

1. e4 e5 2. Nf3 Nc6 3. d4 exd4 4. Bc4 Nf6 5. 0-0 Nxe4 6. Re1 d5 7. Bxd5 Qxd5 8. Nc3 Qa5 9. Nxe4 Be6 10. Bd2 Qb6 11. Bg5 h6 12. Bh4 Be7 13. Bxe7 Kxe7 14. Qd3 Rhd8 15. Ng3 Qxb2 16. Rab1 Qc3 17. Qh7 Kd7 18. Rxb7 Kc8 19. Rbb1 Bxa2 20. Ne4 Qa5 21. Ra1 Nb4 22. Rec1 Qd5 23. c3 Nd3 24. Nd6+ Qxd6 25. Qxd3 Be6 26. cxd4 Kd7 27. Ra6 Qf4 28. Ne5+ Ke8 29. Re1 Kf8 30. Rxe6 Rxd4 31. Ng6+ fxg6 32. Qxg6 Rdd8 33. Re7 Qf6 34. Qe4 Kg8 35. Rxc7 Rf8 36. f3 a5 37. Qd5+ Kh8 38. Rc6 Qf7 39. Qd4 Qa7 40. Rxh6+ Kg8 41. Rb6 a4 42. Ra1 a3 43. Kh1 Rfd8 44. Qc4+ Qf7 45. Qxf7+ Kxf7 46. Rb3 a2 47. h4 Rd2 48. Kh2 Kg6 49. Kg3 Ra5 50. Rb6+ Kf7 51. Rb7+ Kf6 52. Rb4 g6 53. Kh3 Kg7 54. Rb6 Kf7 55. Kg3 Ra3 56. Rb4 Rc3 57. Ra4 Rcc2 58. Ra6 Rxg2+ 59. Kf4 Rh2 60. Kg4 Rhg2+ 61. Kf4 Rh2 62. Kg5 Rcg2+ 63. Kf4 Rxh4+ 64. Ke5 Rhh2 65. Ra7+ Kg8 66. Rc1 Rc2 67. Ra1 Rc5+ 68. Kf6 Rc6+ 69. Kg5 Rg2+ 70. Kf4 Rcc2 71. Ke5 Rgd2 72. Kf6 Rd6+ 73. Kg5 Rd5+ 74. Kg4 Rd4+ 75. Kg5 Rd5+ 76. Kg4 Rdd2 77. Kf4 Kf8 78. Rh1 Rh2 79. Ra1 Rhd2 80. Kg5 Rg2+ 81. Kf6 Rc6+ 82. Ke5 Rc5+ 83. Kd6 Rf5 84. R1xa2 Rxa2 85. Rxa2 Rxf3 86. Ra7 Kg8 87. Ke5 Rf5+ 88. Ke4 Rf7 89. Rxf7 Kxf7 90. Kf4 Kf6 91. Kg4 Kg7 92. Kg5 Kf7 93. Kg4 Kf6 94. Kf4 g5+ 95. Kg4 Kg6 96. Kg3 Kg7 97. Kg4 Kf6 98. Kg3 Ke5 99. Kg4 Kf6 100. Kg3 Kf5 101. Kf3 g4+ 102. Kg3 Kg5 103. Kg2 Kh4 104. Kh2 Kh5 105. Kg3 Kg5 106. Kg2 Kf5 107. Kg3 Kg5 1/2-1/2

[Event "Swiss Queens Wed #48"]
[Site "FIDE Online Arena INT"]
[Date "2024.12.25"]
[Round "3"]
[White "Nguyen, Hong Nhung"]
[Black "Shukhman, Anna"]
[Result "0-1"]
[WhiteElo "2214"]
[BlackElo "2245"]
[PlyCount "74"]
[EventDate "2024.12.25"]
[EventType "swiss (blitz)"]
[EventRounds "11"]
[EventCountry "NET"]
[SourceTitle "CB02_2025"]
[SourceDate "2025.01.08"]
[SourceVersion "1"]
[SourceVersionDate "2025.01.08"]
[SourceQuality "1"]

1. e4 e6 2. d4 d5 3. Nc3 Nc6 4. exd5 exd5 5. Nf3 Bg4 6. Bb5 Qd6 7. 0-0 Nge7 8. Re1 0-0-0 9. Bg5 f6 10. Bh4 Nf5 11. Bg3 Nxg3 12. hxg3 h5 13. Qd3 Nb4 14. Qd2 a6 15. a3 Nc6 16. Bxc6 Qxc6 17. Nh4 Bd6 18. Ng6 Rhe8 19. Nf4 Bxf4 20. Qxf4 g5 21. Qd2 h4 22. gxh4 gxh4 23. Rxe8 Qxe8 24. Qf4 Qg6 25. Re1 Rd7 26. f3 Bf5 27. Qxh4 Bxc2 28. Rc1 Bf5 29. Qf4 Bh3 30. Qh2 Be6 31. Na4 Rh7 32. Qf4 Rg7 33. g4 f5 34. Kf2 fxg4 35. Nc5 gxf3 36. Nxe6 Qg2+ 37. Ke3 Qe2# 0-1

[Event "Swiss Queens Wed #48"]
[Site "FIDE Online Arena INT"]
[Date "2024.12.25"]
[Round "6"]
[White "Rodriguez Rivero, Jinela de Cari"]
[Black "Nguyen, Hong Nhung"]
[Result "0-1"]
[WhiteElo "2091"]
[BlackElo "2214"]
[PlyCount "72"]
[EventDate "2024.12.25"]
[EventType "swiss (blitz)"]
[EventRounds "11"]
[EventCountry "NET"]
[SourceTitle "CB02_2025"]
[SourceDate "2025.01.08"]
[SourceVersion "1"]
[SourceVersionDate "2025.01.08"]
[SourceQuality "1"]

1. e4 c5 2. Nf3 e6 3. d4 cxd4 4. Nxd4 Nc6 5. Nb5 d6 6. c4 Nf6 7. N1c3 a6 8. Na3 Be7 9. Be2 0-0 10. 0-0 Qa5 11. Bd2 Qc7 12. Rc1 Nd4 13. Bd3 Bd7 14. Be3 Nc6 15. Nc2 Ne5 16. Nd4 Nxd3 17. Qxd3 Ng4 18. b3 d5 19. Nf3 dxc4 20. Qe2 Nxe3 21. Qxe3 Ba3 22. Rcd1 cxb3 23. axb3 Rac8 24. Na4 Rfd8 25. Rd3 Bb5 26. Rxd8+ Rxd8 27. Ra1 Bb4 28. g3 Rd3 29. Rc1 Rxe3 30. Rxc7 Rxf3 31. Rc8+ Bf8 32. Nb6 g6 33. Rc7 Rxb3 34. Rxb7 Bc6 35. Rb8 Bxe4 36. f4 Rxb6 0-1

[Event "Swiss Queens Wed #47"]
[Site "FIDE Online Arena INT"]
[Date "2024.12.18"]
[Round "1"]
[White "Hrebenshchykova, Yelyzaveta"]
[Black "Nguyen, Hong Nhung"]
[Result "1-0"]
[WhiteElo "2287"]
[BlackElo "2077"]
[PlyCount "113"]
[EventDate "2024.12.18"]
[EventType "swiss (blitz)"]
[EventRounds "11"]
[EventCountry "NET"]
[SourceTitle "CB52_2024"]
[SourceDate "2024.12.25"]
[SourceVersion "1"]
[SourceVersionDate "2024.12.25"]
[SourceQuality "1"]

1. e4 c5 2. Nf3 e6 3. d4 cxd4 4. Nxd4 Nc6 5. Nc3 Qc7 6. Be2 a6 7. 0-0 Nf6 8. Be3 Bb4 9. Na4 Be7 10. Nxc6 bxc6 11. Qd4 d5 12. exd5 cxd5 13. Nb6 Rb8 14. c4 dxc4 15. Nxc4 Qd7 16. Qe5 Rb5 17. Qc3 Nd5 18. Qxg7 Bf6 19. Qh6 Bb7 20. Rfd1 Rg8 21. g3 Qc6 22. Bf3 Qxc4 23. Rac1 Qh4 24. Bxd5 Rxd5 25. Rxd5 exd5 26. Rc7 Qxh6 27. Bxh6 Rg6 28. Bf4 Bxb2 29. Rxb7 Ba3 30. Kf1 Re6 31. Ra7 Bc5 32. Ra8+ Ke7 33. Rh8 Rb6 34. Rxh7 Rb1+ 35. Kg2 Rb2 36. Rh5 Rxf2+ 37. Kh3 Rxa2 38. Rxd5 Bb4 39. g4 a5 40. Kh4 Rf2 41. Rd4 Bc3 42. Re4+ Kd7 43. Kg5 Rf3 44. h4 Bb4 45. h5 Be7+ 46. Kf5 Rf1 47. h6 Rh1 48. g5 a4 49. Rxa4 Rh4 50. Ra7+ Ke8 51. Ra8+ Kd7 52. Rh8 Bb4 53. Rh7 Ke8 54. Be5 Bd2 55. Bf6 Be3 56. Rh8+ Kd7 57. Rf8 1-0

[Event "Swiss Queens Wed #47"]
[Site "FIDE Online Arena INT"]
[Date "2024.12.18"]
[Round "5"]
[White "Maltsevskaya, Aleksandra"]
[Black "Nguyen, Hong Nhung"]
[Result "0-1"]
[WhiteElo "2368"]
[BlackElo "2077"]
[PlyCount "74"]
[EventDate "2024.12.18"]
[EventType "swiss (blitz)"]
[EventRounds "11"]
[EventCountry "NET"]
[SourceTitle "CB52_2024"]
[SourceDate "2024.12.25"]
[SourceVersion "1"]
[SourceVersionDate "2024.12.25"]
[SourceQuality "1"]

1. Nf3 f5 2. g3 Nf6 3. Bg2 d6 4. 0-0 e5 5. d3 g6 6. Nbd2 Bg7 7. e4 Nc6 8. exf5 Bxf5 9. Nh4 Be6 10. f4 0-0 11. f5 gxf5 12. Nxf5 Bxf5 13. Rxf5 Qd7 14. Rf1 Kh8 15. Nf3 Rae8 16. Bg5 Nd8 17. Qd2 Qb5 18. c4 Qb6+ 19. Be3 c5 20. Nh4 Ng4 21. Bg5 Ne6 22. Nf5 Bf6 23. Bxf6+ Nxf6 24. Rf2 Ng4 25. Rff1 Nd4 26. Nxd4 exd4 27. Qg5 Ne3 28. Rxf8+ Rxf8 29. Qh6 Rf7 30. b3 Qd8 31. Re1 b6 32. Bd5 Rf6 33. Qh3 Qf8 34. Be4 Qf7 35. a3 Rf2 36. b4 Ra2 37. bxc5 Qf2+ 0-1

[Event "Swiss Queens Wed #47"]
[Site "FIDE Online Arena INT"]
[Date "2024.12.18"]
[Round "11"]
[White "Nguyen, Hong Nhung"]
[Black "Bashirli, Saadat"]
[Result "1-0"]
[WhiteElo "2077"]
[BlackElo "1986"]
[PlyCount "75"]
[EventDate "2024.12.18"]
[EventType "swiss (blitz)"]
[EventRounds "11"]
[EventCountry "NET"]
[SourceTitle "CB52_2024"]
[SourceDate "2024.12.25"]
[SourceVersion "1"]
[SourceVersionDate "2024.12.25"]
[SourceQuality "1"]

1. e4 c5 2. Nc3 Nc6 3. Bb5 d6 4. Bxc6+ bxc6 5. d3 g6 6. f4 Bg7 7. Nf3 e6 8. 0-0 Ne7 9. Qe1 0-0 10. Kh1 d5 11. b3 Rb8 12. Rb1 Qa5 13. Nxd5 Qd8 14. Nxe7+ Qxe7 15. Ba3 Rd8 16. Qa5 Rb5 17. Qa4 Qc7 18. b4 cxb4 19. Rxb4 Ra5 20. Qb3 Qxf4 21. Bc1 Qc7 22. Bd2 Rh5 23. Bc3 e5 24. Ra4 Be6 25. Qa3 Ra8 26. Qc5 f6 27. Ra6 Bd7 28. Rb1 Bh6 29. Qe7 Bg7 30. Ra4 Re8 31. Qc5 Ra8 32. Rab4 Bf8 33. Qc4+ Kg7 34. Rb7 Qd6 35. Bb4 c5 36. Bxc5 Qxc5 37. Rxd7+ Kh6 38. Qf7 1-0

[Event "Swiss Queens Wed #47"]
[Site "FIDE Online Arena INT"]
[Date "2024.12.18"]
[Round "4"]
[White "Nguyen, Hong Nhung"]
[Black "Kanyamarala, Trisha"]
[Result "1-0"]
[WhiteElo "2077"]
[BlackElo "2171"]
[PlyCount "99"]
[EventDate "2024.12.18"]
[EventType "swiss (blitz)"]
[EventRounds "11"]
[EventCountry "NET"]
[SourceTitle "CB52_2024"]
[SourceDate "2024.12.25"]
[SourceVersion "1"]
[SourceVersionDate "2024.12.25"]
[SourceQuality "1"]

1. e4 c5 2. Nc3 Nc6 3. Bb5 Nd4 4. Bc4 e6 5. Nge2 Nc6 6. 0-0 Nf6 7. d3 d5 8. Bb3 Be7 9. exd5 exd5 10. Nf4 d4 11. Ncd5 Nxd5 12. Nxd5 0-0 13. Nxe7+ Qxe7 14. Re1 Qf6 15. Qh5 Qf5 16. Qxf5 Bxf5 17. Bf4 Rfd8 18. Re2 b5 19. a4 c4 20. dxc4 d3 21. cxd3 Nd4 22. Bd1 Nxe2+ 23. Bxe2 bxa4 24. Bf3 Rac8 25. Rxa4 Bxd3 26. b3 Be4 27. Rxa7 Bxf3 28. gxf3 Rd3 29. Rb7 Rxf3 30. Be3 Rf6 31. c5 Rf5 32. b4 Kf8 33. Kf1 Rd5 34. Ke2 h6 35. Kf3 f5 36. Bf4 Rd3+ 37. Ke2 Rd4 38. Bd6+ Kg8 39. Rxg7+ Kxg7 40. Be5+ Kf7 41. Bxd4 Ke6 42. Kd3 Kd5 43. b5 Ra8 44. Be3 Ra3+ 45. Ke2 Ke6 46. Kf3 Rb3 47. b6 Rb4 48. Bxh6 Kd5 49. Be3 Rb3 50. Kf4 1-0

[Event "Swiss Queens Wed #47"]
[Site "FIDE Online Arena INT"]
[Date "2024.12.18"]
[Round "6"]
[White "Nguyen, Hong Nhung"]
[Black "Khamdamova, Afruza"]
[Result "1-0"]
[WhiteElo "2077"]
[BlackElo "2354"]
[PlyCount "45"]
[EventDate "2024.12.18"]
[EventType "swiss (blitz)"]
[EventRounds "11"]
[EventCountry "NET"]
[SourceTitle "CB52_2024"]
[SourceDate "2024.12.25"]
[SourceVersion "1"]
[SourceVersionDate "2024.12.25"]
[SourceQuality "1"]

1. e4 e5 2. Nf3 Nc6 3. d4 exd4 4. Bc4 Nf6 5. 0-0 Nxe4 6. Re1 d5 7. Bxd5 Qxd5 8. Nc3 Qd7 9. Nxe4 Be7 10. Bg5 0-0 11. Bxe7 Qxe7 12. Nxd4 Nxd4 13. Qxd4 Rd8 14. Qc3 b6 15. Re3 Bb7 16. Rg3 f5 17. Nf6+ Kh8 18. Nh5 Rg8 19. Re1 Qf7 20. Nf4 Rae8 21. Ng6+ Qxg6 22. Rxg6 hxg6 23. Qh3# 1-0

[Event "Swiss Queens Wed #47"]
[Site "FIDE Online Arena INT"]
[Date "2024.12.18"]
[Round "2"]
[White "Nguyen, Hong Nhung"]
[Black "Tran, Hoang Bao An"]
[Result "1-0"]
[WhiteElo "2077"]
[BlackElo "1669"]
[PlyCount "49"]
[EventDate "2024.12.18"]
[EventType "swiss (blitz)"]
[EventRounds "11"]
[EventCountry "NET"]
[SourceTitle "CB52_2024"]
[SourceDate "2024.12.25"]
[SourceVersion "1"]
[SourceVersionDate "2024.12.25"]
[SourceQuality "1"]

1. e4 c6 2. d4 d5 3. f3 dxe4 4. fxe4 Nf6 5. e5 Nd5 6. c3 Bf5 7. Nf3 e6 8. Be2 Be7 9. 0-0 0-0 10. Bd3 Bg6 11. Bxg6 hxg6 12. Qe1 Nd7 13. Nbd2 b5 14. Ne4 c5 15. Bd2 a5 16. Rd1 b4 17. Kh1 cxd4 18. cxd4 a4 19. Neg5 Re8 20. Qh4 Nf8 21. Qh3 a3 22. Nxf7 Kxf7 23. Ng5+ Kg8 24. Rxf8+ Kxf8 25. Qh8# 1-0

[Event "Swiss Queens Wed #47"]
[Site "FIDE Online Arena INT"]
[Date "2024.12.18"]
[Round "7"]
[White "Shuvalova, Polina"]
[Black "Nguyen, Hong Nhung"]
[Result "1-0"]
[WhiteElo "2504"]
[BlackElo "2077"]
[PlyCount "73"]
[EventDate "2024.12.18"]
[EventType "swiss (blitz)"]
[EventRounds "11"]
[EventCountry "NET"]
[SourceTitle "CB52_2024"]
[SourceDate "2024.12.25"]
[SourceVersion "1"]
[SourceVersionDate "2024.12.25"]
[SourceQuality "1"]

1. e4 c5 2. Nf3 e6 3. c3 Nf6 4. e5 Nd5 5. d4 cxd4 6. cxd4 d6 7. Bc4 Be7 8. 0-0 0-0 9. Qe2 b6 10. Rd1 Nc6 11. h3 Qc7 12. Bxd5 exd5 13. Nc3 Be6 14. Bf4 dxe5 15. dxe5 Rfd8 16. Nb5 Qb7 17. Rac1 Rac8 18. Nd6 Bxd6 19. exd6 Re8 20. Qd2 Qd7 21. Bg3 Na5 22. Rc7 Qa4 23. b3 Qb5 24. Nd4 Qa6 25. d7 Bxd7 26. Rxd7 Nc6 27. Qf4 f6 28. Nxc6 Rxc6 29. Qg4 g6 30. Qh4 h5 31. Qd4 Qb5 32. Qxd5+ Qxd5 33. R7xd5 Re2 34. Rd8+ Kh7 35. h4 Rxa2 36. R1d7+ Kh6 37. Rh8# 1-0

[Event "Swiss Queens Wed #46"]
[Site "FIDE Online Arena INT"]
[Date "2024.12.11"]
[Round "4"]
[White "Buksa, Nataliya"]
[Black "Nguyen, Hong Nhung"]
[Result "1-0"]
[WhiteElo "2400"]
[BlackElo "2077"]
[PlyCount "65"]
[EventDate "2024.12.11"]
[EventType "swiss (blitz)"]
[EventRounds "11"]
[EventCountry "NET"]
[SourceTitle "CB51_2024"]
[SourceDate "2024.12.18"]
[SourceVersion "1"]
[SourceVersionDate "2024.12.18"]
[SourceQuality "1"]

1. d4 f5 2. d5 c6 3. Nc3 Nf6 4. Nf3 cxd5 5. Nxd5 Qa5+ 6. Nc3 e6 7. e3 Ne4 8. Bd2 Nxd2 9. Qxd2 Bb4 10. Bc4 b5 11. Bb3 Bb7 12. 0-0-0 0-0 13. Ne5 Bxc3 14. Qxc3 Qxc3 15. bxc3 d5 16. f3 a5 17. a4 bxa4 18. Bxa4 Na6 19. c4 Nc5 20. Bb5 Rfd8 21. Kb2 Rab8 22. Ka3 Rbc8 23. Rd4 Ba6 24. Rhd1 Bxb5 25. cxb5 Nb7 26. Nc6 Re8 27. Ka4 Ra8 28. c4 Nc5+ 29. Ka3 dxc4 30. Rxc4 Nb7 31. Rd7 Nd8 32. Ne5 g5 33. Rcc7 1-0

[Event "Swiss Queens Wed #46"]
[Site "FIDE Online Arena INT"]
[Date "2024.12.11"]
[Round "1"]
[White "Girya, Olga"]
[Black "Nguyen, Hong Nhung"]
[Result "1-0"]
[WhiteElo "2398"]
[BlackElo "2077"]
[PlyCount "99"]
[EventDate "2024.12.11"]
[EventType "swiss (blitz)"]
[EventRounds "11"]
[EventCountry "NET"]
[SourceTitle "CB51_2024"]
[SourceDate "2024.12.18"]
[SourceVersion "1"]
[SourceVersionDate "2024.12.18"]
[SourceQuality "1"]

1. d4 f5 2. g3 Nf6 3. Bg2 g6 4. Nd2 Bg7 5. c3 d5 6. Ndf3 0-0 7. Nh3 e6 8. Nf4 Qe7 9. Nd3 b6 10. 0-0 c5 11. a4 Nbd7 12. Bf4 Ne4 13. Nfe5 Nxe5 14. Bxe5 Nf6 15. a5 Bb7 16. Nf4 g5 17. Nd3 Nd7 18. Bxg7 Qxg7 19. e3 Ba6 20. Re1 Bxd3 21. Qxd3 c4 22. Qe2 b5 23. a6 Rab8 24. f3 Rb6 25. e4 Nb8 26. exd5 exd5 27. f4 gxf4 28. Bxd5+ Kh8 29. Qe5 fxg3 30. Qxg7+ Kxg7 31. hxg3 Rd8 32. Bb7 Kf6 33. Re5 Nd7 34. Rd5 Ke7 35. Re1+ Re6 36. Rxe6+ Kxe6 37. Rxb5 Rg8 38. Kf2 Kd6 39. Bd5 Re8 40. Bxc4 Nb6 41. Bd3 Rf8 42. Rxf5 Rxf5+ 43. Bxf5 Na4 44. Bxh7 Nxb2 45. Ke3 Nd1+ 46. Kd2 Nf2 47. Bf5 Kd5 48. Ke2 Nh1 49. Kf3 Kc4 50. Kg2 1-0